000 00568nam a22002297a 4500
003 UA-OsUOA
001 99991
007 ta
008 20130521b un ||||| |||| 00| 0 ukr d
100 _aСтівенсон Р.
090 _a82
_bС80
942 _cBK
040 _aUA-OsUOA
_bukr
_cUA-OsUOA
_dUA-OsUOA
245 _aОстрів скарбів
300 _a192 с.
955 _a3
041 _aukr
080 _a82
260 _aК.
_bМолодь
_c1974
650 7 _a82 Література. Літературознавство
_2UDC
999 _c386226
_d386226